000 01300nam a2200337 i 4500
003 EG-GICUC
005 20260324133224.0
008 260220s1951 ua |||fr|||| 00| 0 ara d
040 _a EG-GICUC
_bara
_c EG-GICUC
_d EG-GICUC
_erda
041 0 _aAra
082 0 4 _221
_a343.3
_bم ح . ق
092 0 4 _221
099 _aLaw1 10 343.3 م ح . ق 1951
100 0 _aمحمود عاصم
_eمؤلف.
245 1 0 _aقانون الإجراءات الجنائية الجديد :
_bمجموعة الأعمال التحضيرية /
_cتأليف محمود عاصم.
264 3 _aالقاهرة :
_bمطبعة حجازى،
_c1951.
264 1 _bلجنة نشر الثقافة
300 _a528 ؛صفحة
_c24 سم.
336 _2rda content
_atext
337 _2rda media
_aComputer
338 _2rda carrier
_aOnline Resource
490 _aمجموعات عاصم للقوانين والقرارات واللوائح
500 _aأربعة أجزاء فى مجلد واحد
546 _aالنص باللغة العربية
650 _aقانون الإجراءات الجنائية
_2qrmak
650 _aالقانون الجنائى
_2qrmak
651 1 _2qrmak
856 4 0 _uhttps://fll.law.cu.edu.eg/fulltext/bks/B10-05638.pdf
905 _a54
_eYara
942 _2ddc
_cBK
_e21
_n0
999 _c63900
_d63900